00286nam a2200121Ia 4500008004100000100002200041245003000063260002700093300000800120650001200128942000700140999001700147190216s9999||||xx |||||||||||||| ||und|| aEdward Fitzgerald 0aRubayyiat Of Umer Ghayyam bJaico Publishing House a178 aEnglish cBK c13747d13747